- Trastornos de la personalidad
Entry Materia
001 - NÚMERO DE CONTROL DEL REGISTRO
- campo de control: 47287
003 - IDENTIFICADOR DE NUMERO DE CONTROL
- campo de control: UPN
005 - FECHA Y HORA DE LA ÚLTIMA TRANSACCIÓN
- campo de control: 20221107105532.0
008 - DATOS DE LONGITUD FIJA
- campo de control de longitud fija: 221107|| aca||babn | a|a d
010 ## - NÚMERO DE CONTROL DE LA BIBLIOTECA DEL CONGRESO (LC)
- LC control number: sh 85100115
035 ## - NÚMERO DE CONTROL DEL SISTEMA
- Número de control del sistema: MX011000000666
040 ## - FUENTE DE LA CATALOGACIÓN
- Centro catalogador de origen: DGB/UNAM
- Lengua de catalogación: spa
- Agencia de transcripción: DGB/UNAM
- Agencia de modificación: DGB/UNAM
- Agencia de modificación: MX-MxUPN
046 ## - FECHAS CON CODIFICACIÓN ESPECIAL
- Fecha final para contenidos agregados: 221107
053 ## - NÚMERO CLASIFICADOR - BIBLIOTECA DEL CONGRESO (LC)
- Elemento numérico de la clasificación - Número único o no. inicial del rango: RC554
- Elemento numérico de la clasificación - Número único o no. final del rango: RC569.5
150 ## - ENCABEZAMIENTO - TEMÁTICO
- Término de materia o nombre geográfico como elemento inicial: Trastornos de la personalidad
- Subdivisión de materia general: Diagnóstico
450 ## - VÉASE - MATERIA
- Encabezamiento temático: Desórdenes de la personalidad
450 ## - VÉASE - MATERIA
- Encabezamiento temático: Personalidad
- Subdivisión temática general: Desórdenes
450 ## - VÉASE - MATERIA
- Encabezamiento temático: Personality, Desórdenes de la
- Subcampo de control: nno
450 ## - VÉASE - MATERIA
- Encabezamiento temático: Personalidad, Trastornos de la
450 ## - VÉASE - MATERIA
- Encabezamiento temático: Personalidad
- Subdivisión temática general: Trastornos
670 ## - FUENTE EN LA QUE SE LOCALIZARON DATOS
- Cita de la fuente: DGB/UNAM, 07 noviembre 2022:
- Información localizada: catálogo electrónico (Trastornos de la personalidad -- Diagnóstico)
750 ## - ASIENTO LIGADO AL ENCABEZAMIENTO - TÉRMINO TEMÁTICO
- Número de control del registro: sh 85100115
- Encabezamiento temático: Personality disorders
902 ## - CATALOGADOR
- Catalogador: NDAF/071122
